[Event "17th SC 1400/1800"]
[Site "SchemingMind.com"]
[Date "2006.08.15"]
[Round "-"]
[White "loco61"]
[Black "Louis Lima"]
[Result "1-0"]
[WhiteCountry "ENG"]
[BlackCountry "ESP"]
[WhiteElo "1540"]
[WhiteRD "78"]
[BlackElo "1657"]
[BlackRD "49"]
[GameID "63788"]

1. e4 c5 2. Nf3 d6 3. Nc3 Nc6 4. Bb5 Nf6 5. d4 cxd4 6. Nxd4 Bd7 7. Nb3 a6 8. Bd3 e6 9. Bg5 Be7 10. f4 Nb4=
11. a3 Nxd3+ 12. cxd3 Rc8 13. O-O h6 14. Bh4 b5 15. Rc1 Qb6+ 16. Bf2 Qd8 17. e5 dxe5 18. fxe5 Nd5 19. Ne4 O-O 20. d4 b4
21. Nbc5 bxa3 22. bxa3 Bb5 23. Re1 Nf4 24. Rc3 Nd5 25. Rc1 Nf4 26. g3 Bxc5 27. dxc5 Nd3 28. Rc3 Nxf2 29. Qxd8 Nh3+ 30. Kg2 Nf4+
31. gxf4 Rfxd8 32. Nd6 Bc6+ 33. Kf2 Rb8 34. Rec1 Rb2+ 35. R1c2 Rdb8 36. Nc4 Rxc2+ 37. Rxc2 Rb3 38. Na5
1-0

[Event "17th SC 1400/1800"]
[Site "SchemingMind.com"]
[Date "2006.08.15"]
[Round "-"]
[White "Louis Lima"]
[Black "loco61"]
[Result "1/2-1/2"]
[WhiteCountry "ESP"]
[BlackCountry "ENG"]
[WhiteElo "1657"]
[WhiteRD "49"]
[BlackElo "1540"]
[BlackRD "78"]
[GameID "63789"]

1. e4 e5 2. Nf3 Nc6 3. Bc4 Nf6 4. Ng5 d5 5. exd5 Nxd5 6. Qf3 Be6 7. Nxe6 fxe6 8. Nc3 Nd4 9. Qh5+ g6 10. Qxe5 Qf6
11. Qxf6 Nxf6 12. Bb3= O-O-O 13. d3 Bb4 14. Bd2 Rhe8 15. O-O-O=
1/2-1/2

[Event "17th SC 1400/1800"]
[Site "SchemingMind.com"]
[Date "2006.08.15"]
[Round "-"]
[White "knightrider"]
[Black "loco61"]
[Result "1-0"]
[WhiteCountry "USA"]
[BlackCountry "ENG"]
[WhiteElo "1463"]
[WhiteRD "57"]
[BlackElo "1540"]
[BlackRD "78"]
[GameID "63834"]

1. e4 e5 2. Nf3 Nc6 3. Bc4 Nf6 4. d4 d6 5. dxe5 Nxe4 6. O-O Be6 7. Bd3 Nc5 8. h3 Nxd3 9. cxd3 dxe5 10. Qa4 Bd6
11. Nc3 O-O 12. Qc2 Qd7 13. Ng5 Bf5 14. Nd5 h6 15. Nf3 Be6 16. Qc4 Bxd5 17. Qxd5 Rfe8 18. a3 b6 19. Bd2 Ne7 20. Qe4 Ng6
21. b4 Re6 22. Qxa8+
1-0

[Event "17th SC 1400/1800"]
[Site "SchemingMind.com"]
[Date "2006.08.15"]
[Round "-"]
[White "knightrider"]
[Black "Louis Lima"]
[Result "0-1"]
[WhiteCountry "USA"]
[BlackCountry "ESP"]
[WhiteElo "1463"]
[WhiteRD "57"]
[BlackElo "1657"]
[BlackRD "49"]
[GameID "63835"]

1. e4 c5 2. Nf3 d6 3. d4 cxd4 4. Nxd4 Nf6 5. Nc3 g6 6. Be3 Bg7 7. f3 Nc6 8. Qd2 O-O 9. O-O-O d5 10. exd5 Nxd5
11. Bc4 Nxe3 12. Qxe3 Nxd4 13. Nd5 e6 14. Nc3 Qh4 15. Ne2 Nxc2 16. Qd3 Ne3 17. Rdg1 Qxc4+ 18. Qxc4 Nxc4 19. Nc3 Bxc3 20. bxc3 Bd7
21. Re1 Rac8
0-1

[Event "17th SC 1400/1800"]
[Site "SchemingMind.com"]
[Date "2006.08.17"]
[Round "-"]
[White "loco61"]
[Black "knightrider"]
[Result "1-0"]
[WhiteCountry "ENG"]
[BlackCountry "USA"]
[WhiteElo "1540"]
[WhiteRD "78"]
[BlackElo "1463"]
[BlackRD "57"]
[GameID "63836"]

1. e4 c5 2. Nf3 Nc6 3. Bc4 e6 4. Nc3 g6 5. a3 a6 6. O-O Bg7 7. Re1 b5 8. Nxb5 axb5 9. Bxb5 e5 10. c3 Nf6
11. d3 O-O 12. b4 cxb4 13. Bxc6 dxc6 14. cxb4 Qd6 15. Bb2 Nd7 16. d4 exd4 17. Bxd4 Bxd4 18. Nxd4 Ne5 19. Qd2 Nc4 20. Qc3 Ne5
21. f4 Nd7 22. Nxc6 Bb7 23. Rec1 Bxc6 24. Qxc6 Qd4+ 25. Kh1 Nf6 26. e5 Ng4 27. g3 Rac8 28. Qf3 f5 29. Rf1 Rc2 30. Qb3+ Rc4
31. Rad1 Qe4+ 32. Rf3 Nf2+ 33. Kg1 Nxd1 34. Qxd1 Rd4 35. Qb3+ Kg7 36. Re3 Rd1+ 37. Kf2 Rb1 38. Qc3 Qh1 39. e6+ Kh6 40. Re1 Rb2+
41. Ke3 Qxh2 42. e7 Re8 43. Kd4 Rd2+ 44. Ke5 Re2+ 45. Kf6 R8xe7 46. Rxe2 Rxe2 47. Qc7 Kh5 48. Qxh7+ Kg4 49. Qxg6+ Kf3 50. Qxf5 Qxg3
51. Qd3+ Re3 52. Qd5+ Kxf4 53. Qf5#
1-0

[Event "17th SC 1400/1800"]
[Site "SchemingMind.com"]
[Date "2006.08.18"]
[Round "-"]
[White "Louis Lima"]
[Black "knightrider"]
[Result "0-1"]
[WhiteCountry "ESP"]
[BlackCountry "USA"]
[WhiteElo "1703"]
[WhiteRD "61"]
[BlackElo "1485"]
[BlackRD "56"]
[GameID "63837"]

1. e4 c5 2. Bd3 Nc6 3. c3 Nf6 4. Bc2 d5 5. exd5 Ne5 6. d4 Nc4 7. b3 Qxd5 8. bxc4 Qxg2 9. Qf3 Qxf3 10. Nxf3 g6
11. dxc5 Bh3 12. Be3 Bg2
0-1

[Event "17th SC 1400/1800"]
[Site "SchemingMind.com"]
[Date "2006.08.17"]
[Round "-"]
[White "spoke"]
[Black "loco61"]
[Result "1-0"]
[WhiteCountry "GER"]
[BlackCountry "ENG"]
[WhiteElo "1676"]
[WhiteRD "64"]
[BlackElo "1540"]
[BlackRD "78"]
[GameID "64116"]

1. e4 e5 2. Nf3 Nc6 3. Bc4 Nf6 4. Ng5 d5 5. exd5 Nxd5 6. Nxf7 Kxf7 7. Qf3+ Ke6 8. Nc3 Nb4 9. Qe4 c6 10. d4 Qf6
11. a3 Nxc2+ 12. Qxc2 exd4 13. Ne4 Qe5 14. O-O Kd7 15. Re1 Qc7 16. Qd3 c5 17. Bxd5 Kd8 18. Ng5 Kd7 19. Qf5+
1-0

[Event "17th SC 1400/1800"]
[Site "SchemingMind.com"]
[Date "2006.08.17"]
[Round "-"]
[White "spoke"]
[Black "Louis Lima"]
[Result "1/2-1/2"]
[WhiteCountry "GER"]
[BlackCountry "ESP"]
[WhiteElo "1676"]
[WhiteRD "64"]
[BlackElo "1657"]
[BlackRD "49"]
[GameID "64117"]

1. e4 c5 2. Nf3 d6 3. d4 cxd4 4. Nxd4 Nf6 5. Nc3 g6 6. Be3 Bg7 7. f3 O-O 8. Qd2 Nc6 9. O-O-O Bd7 10. g4 Ne5
11. h4 Qa5 12. Kb1 Rfc8 13. Nd5 Qxd2 14. Bxd2 Nxd5 15. exd5 Nxg4=
1/2-1/2

[Event "17th SC 1400/1800"]
[Site "SchemingMind.com"]
[Date "2006.08.17"]
[Round "-"]
[White "spoke"]
[Black "knightrider"]
[Result "0-1"]
[WhiteCountry "GER"]
[BlackCountry "USA"]
[WhiteElo "1678"]
[WhiteRD "61"]
[BlackElo "1485"]
[BlackRD "56"]
[GameID "64118"]

1. g3 d5 2. Bg2 e5 3. e4 d4 4. d3 Nc6 5. Ne2 Nf6 6. f4 Bd6 7. O-O exf4 8. gxf4 Be7 9. e5 Nd5 10. Nd2 Ne3
11. Bxc6+ bxc6 12. Qe1 Nxc2
0-1

[Event "17th SC 1400/1800"]
[Site "SchemingMind.com"]
[Date "2006.08.18"]
[Round "-"]
[White "loco61"]
[Black "spoke"]
[Result "0-1"]
[WhiteCountry "ENG"]
[BlackCountry "GER"]
[WhiteElo "1548"]
[WhiteRD "74"]
[BlackElo "1735"]
[BlackRD "59"]
[GameID "64119"]

1. e4 e5 2. Nf3 Nc6 3. Bc4 Nf6 4. Nc3 Nxe4 5. Bxf7+ Kxf7 6. Nxe4 Be7 7. d3 Rf8 8. Bg5 h6 9. Bxe7 Qxe7 10. Qe2 d5
11. Ned2 Kg8 12. O-O-O Bg4 13. h3 Nd4 14. Qe3 Bxf3 15. Nxf3 Nxf3 16. gxf3 d4 17. Qe4 c6 18. Rhg1 Rf4 19. Qg6 Qf6 20. Qxf6 Rxf6
21. Rg3 Raf8 22. Rdg1 R8f7 23. Kd1 Rxf3 24. h4 Rxf2 25. Rg6 Rf1+ 26. Rxf1 Rxf1+ 27. Ke2 Kf7 28. Rxc6 bxc6 29. Kxf1 Kg6 30. Kf2 Kh5
31. Kg3 g5 32. hxg5 Kxg5 33. a4 c5 34. c3 Kf5 35. Kf3 a5 36. cxd4 exd4 37. Kg3 h5
0-1

[Event "17th SC 1400/1800"]
[Site "SchemingMind.com"]
[Date "2006.08.18"]
[Round "-"]
[White "Louis Lima"]
[Black "spoke"]
[Result "1/2-1/2"]
[WhiteCountry "ESP"]
[BlackCountry "GER"]
[WhiteElo "1657"]
[WhiteRD "49"]
[BlackElo "1676"]
[BlackRD "64"]
[GameID "64120"]

1. e4 e6 2. d4 d5 3. exd5 exd5 4. Bd3 Nc6 5. Nf3 Bg4 6. c3 Be7 7. O-O Nf6 8. Re1 O-O 9. Bg5 h6 10. Bh4 Qd7
11. Nbd2 Rae8 12. Qb3 Bxf3 13. Nxf3 Na5 14. Qc2 Bd8 15. Bf5 Qb5 16. Ne5 Nc4 17. b3=
1/2-1/2

[Event "17th SC 1400/1800"]
[Site "SchemingMind.com"]
[Date "2006.08.17"]
[Round "-"]
[White "knightrider"]
[Black "spoke"]
[Result "0-1"]
[WhiteCountry "USA"]
[BlackCountry "GER"]
[WhiteElo "1485"]
[WhiteRD "56"]
[BlackElo "1678"]
[BlackRD "61"]
[GameID "64121"]

1. d4 d5 2. Nf3 Nf6 3. c4 e6 4. Nc3 c6 5. c5 b6 6. e3 bxc5 7. Be2 cxd4 8. Qxd4 c5 9. Qd1 Bd6 10. O-O O-O
11. Bb5 Bd7 12. Qa4 a6 13. Bxd7 Nbxd7 14. Re1 Nb6 15. Qh4 e5 16. e4 d4 17. Qg3 dxc3 18. Bh6 g6 19. Bxf8 Qxf8 20. Qh4 Nh5
21. Qg5 f6 22. Qc1 cxb2 23. Qxb2 Rb8 24. Rad1 Kg7 25. Qb5 axb5 26. Rb1 b4 27. h3 Ra8
0-1

[Event "17th SC 1400/1800"]
[Site "SchemingMind.com"]
[Date "2006.08.20"]
[Round "-"]
[White "chessaddict247"]
[Black "spoke"]
[Result "0-1"]
[WhiteCountry "USA"]
[BlackCountry "GER"]
[WhiteElo "1455"]
[WhiteRD "78"]
[BlackElo "1677"]
[BlackRD "57"]
[GameID "64466"]

1. e4 e5 2. Nf3 Nc6 3. Bc4 Nf6 4. Nc3 Nxe4 5. Bxf7+ Kxf7 6. Nxe4 Be7 7. d3 Rf8 8. Nfg5+ Kg8 9. Qh5 h6 10. Nf3 d5
11. Ng3 e4 12. dxe4 dxe4
0-1

[Event "17th SC 1400/1800"]
[Site "SchemingMind.com"]
[Date "2006.08.20"]
[Round "-"]
[White "chessaddict247"]
[Black "loco61"]
[Result "0-1"]
[WhiteCountry "USA"]
[BlackCountry "ENG"]
[WhiteElo "1460"]
[WhiteRD "72"]
[BlackElo "1548"]
[BlackRD "74"]
[GameID "64467"]

1. e4 e5 2. Nf3 Nc6 3. Bc4 h6 4. Nc3 Bc5 5. O-O d6 6. d3 Nf6 7. Be3 Bxe3 8. fxe3 Bg4 9. d4 O-O 10. a3 a6
11. h3 Bh5 12. Qd2 Bg6 13. Rad1 Re8 14. Nh4 Kh8 15. Nxg6+ fxg6 16. Qf2 Qe7 17. Qg3 g5 18. b4 b5 19. Bb3 Nd8 20. d5 Nf7
21. Rf3 Rf8 22. Rdf1 h5
0-1

[Event "17th SC 1400/1800"]
[Site "SchemingMind.com"]
[Date "2006.08.20"]
[Round "-"]
[White "chessaddict247"]
[Black "Louis Lima"]
[Result "1/2-1/2"]
[WhiteCountry "USA"]
[BlackCountry "ESP"]
[WhiteElo "1620"]
[WhiteRD "79"]
[BlackElo "1657"]
[BlackRD "49"]
[GameID "64468"]

1. e4 c5 2. Nf3 g6 3. d4 cxd4 4. Nxd4 Nc6 5. Nc3 Bg7 6. Be3 d6 7. Be2 Nf6 8. f3 O-O 9. Qd2 d5 10. O-O-O dxe4
11. fxe4 Nxd4 12. Bxd4 Be6=
1/2-1/2

[Event "17th SC 1400/1800"]
[Site "SchemingMind.com"]
[Date "2006.08.20"]
[Round "-"]
[White "chessaddict247"]
[Black "knightrider"]
[Result "0-1"]
[WhiteCountry "USA"]
[BlackCountry "USA"]
[WhiteElo "1460"]
[WhiteRD "72"]
[BlackElo "1442"]
[BlackRD "57"]
[GameID "64469"]

1. e4 c5 2. Nf3 Nc6 3. d4 cxd4 4. Nxd4 Nf6 5. Nc3 d6 6. Be3 g6 7. Bc4 Nxd4 8. Bxd4 e5 9. Be3 a6 10. O-O Bg7
11. f4 Bh6 12. Qd2 O-O 13. fxe5 Bxe3+ 14. Qxe3 Ng4 15. Qf4 Nxe5 16. Bb3 g5 17. Qg3 h5 18. Nd5 h4 19. Nf6+ Qxf6 20. Rxf6 hxg3
21. hxg3 Be6 22. Bxe6 fxe6 23. Rxe6 Nf7 24. Re7 Rac8 25. c3 Ne5 26. Rxb7 Nd3 27. Rb6 a5 28. Rd1 Ne5 29. Rdxd6 Nc4
0-1

[Event "17th SC 1400/1800"]
[Site "SchemingMind.com"]
[Date "2006.08.21"]
[Round "-"]
[White "spoke"]
[Black "chessaddict247"]
[Result "1-0"]
[WhiteCountry "GER"]
[BlackCountry "USA"]
[WhiteElo "1735"]
[WhiteRD "59"]
[BlackElo "1460"]
[BlackRD "72"]
[GameID "64470"]

1. e4 e6 2. d4 d5 3. Nc3 Bb4 4. e5 c5 5. a3 Ba5 6. Nf3 cxd4 7. Nxd4 Bd7 8. Bd2 Bxc3 9. Bxc3 Ne7 10. Be2 Ng6
11. O-O Nxe5 12. Nxe6
1-0

[Event "17th SC 1400/1800"]
[Site "SchemingMind.com"]
[Date "2006.08.21"]
[Round "-"]
[White "loco61"]
[Black "chessaddict247"]
[Result "1-0"]
[WhiteCountry "ENG"]
[BlackCountry "USA"]
[WhiteElo "1548"]
[WhiteRD "74"]
[BlackElo "1460"]
[BlackRD "72"]
[GameID "64471"]

1. e4 c5 2. Nf3 Nc6 3. Bb5 e6 4. Nc3 d5 5. Ne5 Ne7 6. d4 c4 7. exd5 exd5 8. Bxc6+ Nxc6 9. Nxc6 bxc6 10. O-O Be7
11. Bf4 O-O 12. Be5 Bf5 13. g4 Bg6 14. Ne2 Re8 15. Ng3 Qd7 16. h3 f6 17. Bf4 Bd6 18. Bxd6 Qxd6 19. c3 Rab8 20. b4 cxb3
21. axb3 Rb7 22. Qd2
1-0

[Event "17th SC 1400/1800"]
[Site "SchemingMind.com"]
[Date "2006.08.20"]
[Round "-"]
[White "Louis Lima"]
[Black "chessaddict247"]
[Result "1-0"]
[WhiteCountry "ESP"]
[BlackCountry "USA"]
[WhiteElo "1657"]
[WhiteRD "49"]
[BlackElo "1620"]
[BlackRD "79"]
[GameID "64472"]

1. e4 e6 2. d4 d5 3. exd5 exd5 4. Bd3 Nf6 5. Bg5 c6 6. h3 Bd6 7. Qf3 Nbd7 8. Ne2 O-O 9. Nd2 h6 10. Be3 Re8
11. O-O-O a5 12. g4 Nf8 13. g5 hxg5 14. Bxg5 N8h7 15. Bh4 b5 16. Rdg1 Be7 17. Nf4 Nd7 18. Bxh7+ Kxh7 19. Qh5+ Kg8 20. Qh6 g6
21. Nxg6 fxg6 22. Rxg6+ Kf7 23. Qg7#
1-0

[Event "17th SC 1400/1800"]
[Site "SchemingMind.com"]
[Date "2006.08.21"]
[Round "-"]
[White "knightrider"]
[Black "chessaddict247"]
[Result "1-0"]
[WhiteCountry "USA"]
[BlackCountry "USA"]
[WhiteElo "1442"]
[WhiteRD "57"]
[BlackElo "1460"]
[BlackRD "72"]
[GameID "64473"]

1. d4 Nf6 2. c4 e6 3. Nf3 d5 4. e3 c5 5. Bd3 cxd4 6. O-O dxe3 7. Bxe3 dxc4 8. Bxc4 Bd7 9. Nc3 Nc6 10. b3 Bb4
11. Qd3 O-O 12. a3 Be7 13. Qd2 Ng4 14. g3 Nxe3 15. Qxe3 Na5 16. Ne4 Nxc4 17. bxc4 Rc8 18. Qxa7 Rxc4 19. Qxb7 Bc6 20. Qa6 Bxe4
21. Qxc4 Bxf3 22. Qc3 Bd5 23. a4 Bf6 24. Qb4 Bxa1 25. Rxa1 Qf6 26. Ra3 Qf3 27. Rxf3 Bxf3 28. h4 e5 29. Qc3
1-0

[Event "17th SC 1400/1800"]
[Site "SchemingMind.com"]
[Date "2006.08.22"]
[Round "-"]
[White "solmash"]
[Black "spoke"]
[Result "0-1"]
[WhiteCountry "PHI"]
[BlackCountry "GER"]
[WhiteElo "1714"]
[WhiteRD "90"]
[BlackElo "1735"]
[BlackRD "59"]
[GameID "64632"]

1. e4 e5 2. Nf3 Nc6 3. Nc3 Nf6 4. d3 Bb4 5. Bg5 h6 6. Bd2 d5 7. exd5 Nxd5 8. Nxd5 Bxd2+ 9. Qxd2 Qxd5 10. Be2 Bg4
11. O-O e4 12. Ne1 h5 13. h3 Bf5 14. dxe4 Qxd2
0-1

[Event "17th SC 1400/1800"]
[Site "SchemingMind.com"]
[Date "2006.08.22"]
[Round "-"]
[White "solmash"]
[Black "loco61"]
[Result "1/2-1/2"]
[WhiteCountry "PHI"]
[BlackCountry "ENG"]
[WhiteElo "1658"]
[WhiteRD "89"]
[BlackElo "1570"]
[BlackRD "60"]
[GameID "64633"]

1. e4 e5 2. Nf3 Nc6 3. Bb5 d6 4. O-O Bg4 5. h3 Bh5 6. g4 Bg6 7. d3 h6 8. Nc3 Nf6 9. Nd5 a6 10. Nxf6+ Qxf6
11. Bc4 O-O-O 12. a4 Na5 13. Bb3 Nxb3 14. cxb3 d5 15. Qe2 d4 16. Bd2 Bd6 17. b4 Qe6 18. b5 Bc5 19. b4 Bb6 20. Qd1 axb5
21. axb5 f6 22. Nh4 Bh7 23. f4 exf4 24. Nf5 g5 25. h4 Bxf5 26. exf5 Qe5 27. Qb3 Rh7 28. Ra8+ Kd7 29. Re1 Qxe1+ 30. Bxe1 Rxa8
31. Qe6+ Kd8 32. Qxf6+ Re7 33. Kg2 Ra2+ 34. Kh3 Kd7 35. Qxh6 Rxe1 36. Qg7+ Kc8 37. Qg8+ Kd7 38. Qxa2 Re3+ 39. Kg2 f3+ 40. Kf2 Re2+
41. Qxe2 fxe2 42. Kxe2 gxh4 43. g5 h3 44. Kf3 c6 45. bxc6+ bxc6 46. Kg3 h2 47. Kxh2 Bd8 48. f6 Ke6 49. Kg3 Kf5 50. Kh4 Bxf6
51. gxf6 Kxf6 52. Kg4 Ke5 53. Kf3 Kf5= 54. Kg3 Kg5 55. Kf3=
1/2-1/2

[Event "17th SC 1400/1800"]
[Site "SchemingMind.com"]
[Date "2006.08.22"]
[Round "-"]
[White "solmash"]
[Black "Louis Lima"]
[Result "1-0"]
[WhiteCountry "PHI"]
[BlackCountry "ESP"]
[WhiteElo "1755"]
[WhiteRD "106"]
[BlackElo "1657"]
[BlackRD "49"]
[GameID "64634"]

1. e4 c5 2. Nf3 g6 3. Nc3 Nc6 4. d3 Bg7 5. Be2 Nf6 6. Bg5 Qb6 7. b3 d6 8. Bxf6 Bxf6 9. Nd5 Qd8 10. Nxf6+ exf6
11. O-O d5 12. Re1 O-O 13. exd5 Qxd5 14. Nd2 b5 15. Bf3
1-0

[Event "17th SC 1400/1800"]
[Site "SchemingMind.com"]
[Date "2006.08.22"]
[Round "-"]
[White "solmash"]
[Black "knightrider"]
[Result "1-0"]
[WhiteCountry "PHI"]
[BlackCountry "USA"]
[WhiteElo "1663"]
[WhiteRD "86"]
[BlackElo "1476"]
[BlackRD "58"]
[GameID "64635"]

1. e4 c5 2. Nf3 Nc6 3. Nc3 e6 4. d3 d6 5. Be2 Be7 6. O-O Nf6 7. Bg5 O-O 8. h3 d5 9. e5 Nd7 10. Bxe7 Qxe7
11. a3 Ncxe5 12. Nxe5 Nxe5 13. f4 Nc6 14. Bf3 d4 15. Ne4 e5 16. fxe5 Qxe5 17. Rf2 Be6 18. Qd2 Qf5 19. Raf1 h6 20. Nd6 Qe5
21. Ne4 f5 22. Qe2 fxe4 23. Bxe4 Qd6 24. Qh5 Ne5 25. Bxb7 Rab8 26. Be4 Rxf2 27. Rxf2 Bf7 28. Qf5 g6 29. Qf4 Rf8 30. Qxh6 a5
31. Rf4 Qe6 32. Rh4 Nf3+ 33. gxf3
1-0

[Event "17th SC 1400/1800"]
[Site "SchemingMind.com"]
[Date "2006.08.22"]
[Round "-"]
[White "solmash"]
[Black "chessaddict247"]
[Result "1-0"]
[WhiteCountry "PHI"]
[BlackCountry "USA"]
[WhiteElo "1714"]
[WhiteRD "90"]
[BlackElo "1460"]
[BlackRD "72"]
[GameID "64636"]

1. e4 e6 2. Nf3 c5 3. Nc3 Nc6 4. Bb5 Nge7 5. O-O Qc7 6. d4 cxd4 7. Nxd4 d6 8. Nxc6 bxc6 9. Ba4 Bd7 10. f4 Ng6
11. f5 exf5 12. exf5 Ne5 13. Re1
1-0

[Event "17th SC 1400/1800"]
[Site "SchemingMind.com"]
[Date "2006.08.22"]
[Round "-"]
[White "spoke"]
[Black "solmash"]
[Result "1-0"]
[WhiteCountry "GER"]
[BlackCountry "PHI"]
[WhiteElo "1735"]
[WhiteRD "59"]
[BlackElo "1714"]
[BlackRD "90"]
[GameID "64637"]

1. e4 e5 2. Nf3 Nc6 3. Bc4 h6 4. d4 exd4 5. Nxd4 Nxd4 6. Qxd4 d6 7. Nc3 Nf6 8. O-O Be7 9. Be3 O-O 10. Rad1 Be6
11. Bxe6 fxe6 12. e5 Nh7 13. Qg4 Rf5 14. Bxh6 g5 15. f4 Kh8 16. exd6 Bxd6 17. fxg5 Rxf1+ 18. Rxf1 Qd7 19. Ne4 Be5 20. Nf6 Nxf6
21. gxf6 Rg8 22. Bg7+ Rxg7 23. Qxg7+ Qxg7 24. fxg7+ Bxg7 25. Rf7 Be5 26. c3 Bd6 27. Kf2 Bxh2 28. g3
1-0

[Event "17th SC 1400/1800"]
[Site "SchemingMind.com"]
[Date "2006.08.22"]
[Round "-"]
[White "loco61"]
[Black "solmash"]
[Result "1-0"]
[WhiteCountry "ENG"]
[BlackCountry "PHI"]
[WhiteElo "1574"]
[WhiteRD "66"]
[BlackElo "1663"]
[BlackRD "86"]
[GameID "64638"]

1. e4 e5 2. Nf3 Nc6 3. Bc4 h6 4. Nc3 Bb4 5. a3 Ba5 6. b4 Bb6 7. Nd5 Nf6 8. Bb2 O-O 9. Nxb6 axb6 10. d3 d6
11. h3 Bd7 12. b5 Ne7 13. Qe2 Ng6 14. g3 Qc8 15. g4 Nf4 16. Qf1 Nxg4 17. hxg4 Bxg4 18. Ng1 c6 19. f3 Be6 20. d4 Bxc4
21. Qxc4 Ng2+ 22. Kd2 Nf4 23. Ne2 Qd7 24. Nxf4 exf4 25. d5 cxd5 26. Qd4 f6 27. Rag1 Kh7 28. Qxd5 Ra5 29. Qh5 Rxb5 30. Qg6+ Kh8
31. Bxf6 Rxf6 32. Rxh6+ Kg8 33. Qxf6 d5 34. Rxg7+ Qxg7 35. Rg6 Qxg6 36. Qxg6+
1-0

[Event "17th SC 1400/1800"]
[Site "SchemingMind.com"]
[Date "2006.08.22"]
[Round "-"]
[White "Louis Lima"]
[Black "solmash"]
[Result "0-1"]
[WhiteCountry "ESP"]
[BlackCountry "PHI"]
[WhiteElo "1657"]
[WhiteRD "49"]
[BlackElo "1755"]
[BlackRD "106"]
[GameID "64639"]

1. e4 e5 2. Nf3 Nc6 3. Bb5 Nf6 4. Bxc6 bxc6 5. O-O Bd6 6. d4 exd4 7. Nxd4 O-O 8. Re1 Bb7 9. Bg5= h6 10. Bh4 Be7
11. Nf5 c5 12. Nxe7+ Qxe7 13. e5 Rfe8 14. Nd2 g5 15. exf6 Qxf6
0-1

[Event "17th SC 1400/1800"]
[Site "SchemingMind.com"]
[Date "2006.08.22"]
[Round "-"]
[White "knightrider"]
[Black "solmash"]
[Result "1-0"]
[WhiteCountry "USA"]
[BlackCountry "PHI"]
[WhiteElo "1476"]
[WhiteRD "58"]
[BlackElo "1663"]
[BlackRD "86"]
[GameID "64640"]

1. e4 e5 2. Nf3 Nc6 3. Bb5 a6 4. Ba4 b5 5. Bb3 h6 6. d3 Nf6 7. c3 d6 8. c4 b4 9. Be3 Be7 10. h3 a5
11. Ba4 Bd7 12. O-O O-O 13. b3 Qc8 14. d4 exd4 15. Nxd4 Nxd4 16. Bxd4 Nxe4 17. Qe2 f5 18. Nd2 Nxd2 19. Qxd2 f4 20. f3 Bxh3
21. gxh3 Qxh3 22. Qg2 Qxg2+ 23. Kxg2 Rac8 24. Bc6 g5 25. Be4 c5 26. Bb2 Bf6 27. Bd5+ Kg7 28. Bxf6+ Rxf6 29. Rae1 h5 30. Re7+ Kh6
31. Be4 Rh8 32. Kh3 g4+ 33. fxg4 hxg4+ 34. Kg2 Rg8 35. Rh7+ Kg5 36. Rfh1 Rfg6 37. R1h5+ Kf6 38. Rf5+ Ke6 39. Rfh5 Kf6 40. Rf5+ Ke6
41. Rhf7 f3+ 42. Kg3 d5 43. Bxd5+ Kd6 44. R7f6+ Rxf6 45. Rxf6+ Ke5 46. Rc6 Kd4 47. Bxg8 Kc3 48. Rxc5
1-0

[Event "17th SC 1400/1800"]
[Site "SchemingMind.com"]
[Date "2006.08.22"]
[Round "-"]
[White "chessaddict247"]
[Black "solmash"]
[Result "0-1"]
[WhiteCountry "USA"]
[BlackCountry "PHI"]
[WhiteElo "1460"]
[WhiteRD "72"]
[BlackElo "1714"]
[BlackRD "90"]
[GameID "64641"]

1. e4 e5 2. Nf3 Nc6 3. d4 exd4 4. c3 dxc3 5. Nxc3 Bb4 6. Bc4 Nf6 7. e5 Ne4 8. Qd5 Bxc3+ 9. bxc3 O-O 10. Qxe4 d6
11. O-O dxe5 12. Ba3 Be6
0-1